Online
Catalog

Ensayos de metodología histórica en el campo americanista / (Record no. 18639)

MARC details
000 -CABECERA
campo de control de longitud fija 00802nam a2200205 u 4500
001 - NÚMERO DE CONTROL
campo de control 000019121
005 - FECHA Y HORA DE LA ÚLTIMA TRANSACCIÓN
campo de control 20200929165928.0
008 - DATOS DE LONGITUD FIJA--INFORMACIÓN GENERAL
campo de control de longitud fija 100526s2004 es r 001 0 spa d
020 ## - NÚMERO INTERNACIONAL ESTÁNDAR DEL LIBRO
Número Internacional Estándar del Libro 8400060466
040 ## - FUENTE DE LA CATALOGACIÓN
Centro catalogador/agencia de origen DO-SdBNP
Lengua de catalogación spa
Centro/agencia transcriptor BNPHU
082 ## - NÚMERO DE LA CLASIFICACIÓN DECIMAL DEWEY
Número de clasificación xxxx
Número de documento/Ítem E596m
049 ## - FONDOS LOCALES (OCLC)
Fondos de biblioteca BNPD
245 00 - MENCIÓN DE TÍTULO
Título Ensayos de metodología histórica en el campo americanista /
Mención de responsabilidad, etc. Fermín del Pino Díaz.
260 ## - PUBLICACIÓN, DISTRIBUCIÓN, ETC.
Lugar de publicación, distribución, etc. España :
Nombre del editor, distribuidor, etc. Sociedad Superior de Investigaciones Científicas
-- Centro de Estudios Históricos
-- Departamento de Historia de América.
300 ## - DESCRIPCIÓN FÍSICA
Extensión 178 p. ;
Dimensiones 22 cm.
490 1# - MENCIÓN DE SERIE
Mención de serie Anexos de revista de Indias
Designación de volumen o secuencia no. 1
500 ## - NOTA GENERAL
Nota general Incluye referencias bibliográficas y notas al pie de las páginas
700 1# - PUNTO DE ACCESO ADICIONAL--NOMBRE DE PERSONA
Nombre de persona Pino Díaz, Fermín del
Término indicativo de función/relación coor.
9 (RLIN) 41144
830 #0 - PUNTO DE ACCESO ADICIONAL DE SERIE-TÍTULO UNIFORME
Título uniforme Anexos de revista de Indias
Designación de volumen o secuencia no. 1
9 (RLIN) 41145
Holdings
Estado de retiro Estado de pérdida Restricciones de uso No para préstamo Código de colección Localización permanente Ubicación/localización actual Ubicación en estantería Fecha de adquisición Número de inventario Total de préstamos Signatura topográfica completa Código de barras Fecha visto por última vez Precio válido a partir de Tipo de ítem Koha
      Excluido de préstamo Monografías: Libros y Folletos Patrimonio Dominicano Patrimonio Dominicano En catalogación 26.05.2010 LF1   xxxx E596m 19121-10 25.06.2020 25.06.2020 No se presta

Powered by Koha